| 000 | 00766nmc a2200265 a 4500 | ||
|---|---|---|---|
| 003 | AR-BaBNM | ||
| 005 | 20251128211803.0 | ||
| 008 | 136020s2004 ||||||||||||||000 | spa|| | ||
| 020 | _a84-7278-300-6 | ||
| 040 | _cAR-BaBNM | ||
| 100 | 1 | _aMateos Hernández, Luis Alberto | |
| 245 | 1 | 0 | _aActividades musicales para atender a la diversidad |
| 260 |
_a[Madrid?] _c2004 _bICCE |
||
| 300 | 0 | _a111 p. | |
| 490 | 0 | _aEstrategias educativas | |
| 504 | _aContiene referencias bibliográficas | ||
| 650 | 4 | _aEDUCACION MUSICAL | |
| 650 | 4 | _aENSENANZA DE LA MUSICA | |
| 650 | 4 | _aACTIVIDADES DE APRENDIZAJE | |
| 650 | 4 | _aMATERIALES DE ENSENANZA | |
| 653 | 0 | _aEDUCACION EN LA DIVERSIDAD | |
| 653 | 0 | _aESTRATEGIAS DIDACTICAS | |
| 942 | _cBK | ||
| 998 | _cme-solo cat | ||
| 999 |
_c21112 _d21112 |
||